Isurv planning (Record no. 103690)

MARC details
000 -LEADER
fixed length control field 00330cam a2200133 4500
008 - FIXED-LENGTH DATA ELEMENTS--GENERAL INFORMATION
fixed length control field 040406n2005 000 0 eng u
020 ## - INTERNATIONAL STANDARD BOOK NUMBER
International Standard Book Number 1842191985
035 ## - SYSTEM CONTROL NUMBER
System control number (Sirsi) u126952
245 ## - TITLE STATEMENT
Title Isurv planning
260 ## - PUBLICATION, DISTRIBUTION, ETC.
Name of publisher, distributor, etc. RICS
Date of publication, distribution, etc. 2005
490 ## - SERIES STATEMENT
Series statement RICS Isurv.co.uk Series
520 ## - SUMMARY, ETC.
Summary, etc. Due for publication May 2005
942 ## - ADDED ENTRY ELEMENTS (KOHA)
Suppress in OPAC 0

No items available.